| 000 | 00552nam a22001577a 4500 | ||
|---|---|---|---|
| 999 |
_c534908 _d534908 |
||
| 020 | _qHard Cover. | ||
| 082 | _a621.39 | ||
| 100 | _aAbbas,Shanza | ||
| 245 |
_aAn Expert System Framework for Recommendation of Restaurants on Basis of Qualitative Analysis / _cShanza Abbas |
||
| 260 |
_aIslamabad : _bCEME - NUST, _c2015. |
||
| 300 |
_aiv, 69 p. : ill. ; _c30cm. |
||
| 942 |
_2ddc _cTHE |
||
| 650 |
_aMS Thesis Computer Software Engineering _929298 |
||
| 700 |
_aDr. Muhammad Usman Akram. _916084 |
||